LEADER 01998cas--2200541---450 001 990001048540203316 005 20220823132424.0 011 $a0399-0524 035 $a0104854 035 $aUSA010104854 035 $a(ALEPH)000104854USA01 035 $a0104854 100 $a20020320d19771984km-y0itay0103----ba 101 $afre 102 $aFR 110 $aahazz--|||| 200 1 $aRAIRO. Automatique$dRAIRO. Systems analysis and control$fAssociation Francaise pour la Cybernétique Economique et Technique 207 $aA.1, n.1(1971)- 210 $aParis$cCentrale des revues Dunod-Gauthier-Villars$d1977-1984 215 $avolumi$cill.$d23 cm 300 $aDescrizione basata su: Vol.18, n.1(1984) 326 $aTrimestrale 440 1$10010104855$12001$aAutomatique, productique, informatique industrielle 510 $aRAIRO. Systems analysis and control 606 0 $aIntelligenza artificiale$xPeriodici$2BNCF 676 $a001.605 712 02$aAssociation Francaise pour la Cybernétique Economique et Technique 801 0$aIT$bsalbc$gISBD 912 $a990001048540203316 958 $aECO$bFONDO$c11(1977)-18(1984) ; manca 1979 958 $aSCI$bPER II$c1977-1978;1980-1984. 959 $aSE 979 $aPATTY$b90$c20020320$lUSA01$h1726 979 $aPATTY$b90$c20020320$lUSA01$h1729 979 $c20020403$lUSA01$h1745 979 $aPATRY$b90$c20040406$lUSA01$h1712 979 $aCIANATIEMP$b90$c20110114$lUSA01$h1120 979 $aCIANATIEMP$b90$c20110114$lUSA01$h1122 979 $aCIANATIEMP$b90$c20110114$lUSA01$h1126 979 $aCIANATIEMP$b90$c20110114$lUSA01$h1130 979 $aCIANATIEMP$b90$c20110114$lUSA01$h1139 979 $aCIANATIEMP$b90$c20110114$lUSA01$h1140 979 $aMANCUSO$b90$c20110119$lUSA01$h1633 979 $aCIANATIEMP$b90$c20110126$lUSA01$h1458 979 $aMANCUSO$b90$c20110128$lUSA01$h1137 979 $aMANCUSO$b90$c20110128$lUSA01$h1137 996 $aRAIRO. Automatique$9790416 997 $aUNISA LEADER 04962nam 2200781 a 450 001 9910781887203321 005 20230817223754.0 010 $a1-283-21222-6 010 $a9786613212221 010 $a0-8122-0443-3 024 7 $a10.9783/9780812204438 035 $a(CKB)2550000000051299 035 $a(OCoLC)759158175 035 $a(CaPaEBR)ebrary10491894 035 $a(SSID)ssj0000533980 035 $a(PQKBManifestationID)11333911 035 $a(PQKBTitleCode)TC0000533980 035 $a(PQKBWorkID)10493408 035 $a(PQKB)10322286 035 $a(MdBmJHUP)muse8327 035 $a(DE-B1597)449326 035 $a(OCoLC)1013963245 035 $a(OCoLC)1037980109 035 $a(OCoLC)1041973579 035 $a(OCoLC)1046607163 035 $a(OCoLC)1047015027 035 $a(OCoLC)1049625017 035 $a(OCoLC)1054879739 035 $a(OCoLC)979753970 035 $a(DE-B1597)9780812204438 035 $a(Au-PeEL)EBL3441437 035 $a(CaPaEBR)ebr10491894 035 $a(CaONFJC)MIL321222 035 $a(MiAaPQ)EBC3441437 035 $a(EXLCZ)992550000000051299 100 $a20050202d2005 uy 0 101 0 $aeng 135 $aur|||||||nn|n 181 $ctxt$2rdacontent 182 $cc$2rdamedia 183 $acr$2rdacarrier 200 00$aAncient Greek houses and households $echronological, regional, and social diversity /$fedited by Bradley A. Ault and Lisa C. Nevett 210 $aPhiladelphia $cUniversity of Pennsylvania Press$d2005 215 $a1 online resource (x, 189 pages) $cillustrations, maps 300 $aBibliographic Level Mode of Issuance: Monograph 311 0 $a0-8122-3875-3 320 $aIncludes bibliographical references and index. 327 $tFrontmatter --$tContents --$tIllustrations --$tChapter 1. Introduction /$rNevett, Lisa C. --$tChapter 2. Structural Change in Archaic Greek Housing /$rLang, Franziska --$tChapter 3. Security, Synoikismos, and Koinon as Determinants for Troad Housing in Classical and Hellenistic Times /$rAylward, William --$tChapter 4. Household Industry in Greece and Anatolia /$rCahill, Nicholas --$tChapter 5. Living and Working Around the Athenian Agora: A Preliminary Case Study of Three Houses /$rTsakirgis, Barbara --$tChapter 6. Between Urban and Rural: House-Form and Social Relations in Attic Villages and Deme Centers /$rNevett, Lisa C. --$tChapter 7. Houses at Leukas in Acarnania: A Case Study in Ancient Household Organization /$rFiedler, Manuel --$tChapter 8. Modest Housing in Late Hellenistic Delos /$rTrümper, Monika --$tChapter 9. Housing the Poor and the Homeless in Ancient Greece /$rAult, Bradley A. --$tChapter 10 Summing Up: Whither the Archaeology of the Greek Household? /$rAult, Bradley A. / Nevett, Lisa C. --$tGlossary --$tContributors --$tIndex --$tAcknowledgments 330 $aSeeking to expand both the geographical range and the diversity of sites considered in the study of ancient Greek housing, Ancient Greek Houses and Households takes readers beyond well-established studies of the ideal classical house and now-famous structures of Athens and Olynthos.Bradley A. Ault and Lisa C. Nevett have brought together an international team of scholars who draw upon recent approaches to the study of households developed in the fields of classical archaeology, ancient history, and anthropology. The essays cover a broad range of chronological, geographical, and social contexts and address such topics as the structure and variety of households in ancient Greece, facets of domestic industry, regional diversity in domestic organization, and status distinctions as manifested within households.Ancient Greek Houses and Households views both Greek houses and the archeological debris found within them as a means of investigating the basic unit of Greek society: the household. Through this approach, the essays successfully point the way toward a real integration between material and textual data, between archeology and history.Contributors include William Aylward (University of Wisconsin, Madison), Nicholas Cahill (University of Wisconsin, Madison), Manuel Fiedler (Freie Universität, Berlin), Franziska Lang (Humboldt Universität, Berlin), Monike Trümper (Universität Heidelberg), and Barbara Tsakirgis (Vanderbilt University, Nashville). 606 $aDwellings$zGreece$xHistory$yTo 1500 606 $aHousing$zGreece$xHistory$yTo 1500 610 $aAncient Studies. 610 $aArchaeology. 610 $aArchitecture. 610 $aClassics. 615 0$aDwellings$xHistory 615 0$aHousing$xHistory 676 $a307.3/0938 686 $aLG 1900$2rvk 701 $aAult$b Bradley A$g(Bradley Allen),$f1961-$0772533 701 $aNevett$b Lisa C$0321898 801 0$bMiAaPQ 801 1$bMiAaPQ 801 2$bMiAaPQ 906 $aBOOK 912 $a9910781887203321 996 $aAncient Greek houses and households$93852605 997 $aUNINA